The Politics and semiotics of the smallest icons of popular culture: Latin American postage stamps /

Gardado en:
Detalles Bibliográficos
Autor Principal: Child, Jack
Formato: Texto
Materias:
Etiquetas: Engadir etiqueta
Sen Etiquetas, Sexa o primeiro en etiquetar este rexistro!

MARC

LEADER 00000 a a2200000 04500
001 9271
003
040
100 |a Child, Jack  
245 |a The Politics and semiotics of the smallest icons of popular culture:   |b Latin American postage stamps /  |c JacK Child  
650 |a SERVICIOS POSTALES  
650 |a CORREO  
650 |2 Macrothesaurus de la OCDE  
650 |a CULTURA POPULAR  
650 |a NACIONALISMO  
650 |a POLITICA EXTERIOR  
650 |a CONFLICTOS POLITICOS  
650 |a AMERICA LATINA  
773 |g volumen 40, número 1; páginas 108-137  
999 |c 19788  |d 19788